000 00333 a2200157 4500
001 61998
020 _a9788588483422
040 _cAnchieta - Pituba
100 _aArmond, Edgard
240 1 0 _aNa cortina do tempo
_lpor
245 1 0 _aNa cortina do tempo
300 _a128
362 0 _a2009
650 4 _aEspiritismo
942 _cBK
999 _c61998
_d61998